000
00298nam a2200133Ia 4500
008
151001s9999||||xx |||||||||||||| ||und||
100
_a
भाऊ पाध्ये
245
_a
मूरगी
250
_a
1
260
_b
डिंपल
260
_c
1981
300
_a
162
365
_b
17
999
_c
962215
_d
962212